000 00419nam a2200145Ia 4500
008 100122s9999 xx 000 0 und d
082 _b34757
_a823
100 _aचट्टोपाध्याय श
245 _aसुप्रभात
260 _bशं.वा.कुलकर्णी
_c1960
300 _a112
630 _aसुप्रभात
730 _aसुप्रभात
942 _cBOOK
999 _c418231
_d418228